000 01015cab a2200277 4500
001 ABS56817
008 090401t1997 xxu||||| |||| 00| 0 eng d
035 _a(Sirsi) u77806
041 _aeng
100 _aCallender, M.
245 _aWhat is the value of UK property?
260 _c1997
350 _a0
490 _aCSM (Chartered Surveyor Monthly)
_v6(7) April 1997, 32-33(2)
520 _aReports on a study by the Investment Property Databank (IPD) which provides an analysis of the UK property market. Updates the the 1989 report by the London Business school "The role of commercial property in the UK economy".
650 _aPROPERTY-COMMERCIAL PROPERTY-COMMERCIAL PROPERTY MARKET
650 _aINVESTMENT PROPERTY DATABANK
650 _aINVESTORS
650 _aIPD
650 _aOWNER-OCCUPIED PROPERTIES
650 _aPROPERTY INVESTMENT
690 _aPROPERTY-COMMERCIAL PROPERTY-COMMERCIAL PROPERTY FINANCE AND INVESTMENT
700 _aKey, T.
942 _n0
948 _c18/04/1997
999 _c48915
_d48915